000 00392 a2200133 4500
245 _aInhalants
_b : the toxic fumes
_hprint
020 _a0877547580
700 _aGlowa, John R.
005 20191017173553.0
260 _anyu
_bChelsea House
_c1986
084 _aRC564 .G55 1986
300 _a108 p. : ill.
_b 24 cm.
_c108 p. : ill. ; 24 cm.
500 _aJohn R. Glowa.
490 _aThe Encyclopedia of psychoactive drugs
999 _c10440
_d10440